Communes of Guadeloupe - Statistics

General Stats
  • This quiz has been taken 10 times
  • The average score is 23 of 32
Answers on the Map
Answers color-coded by a green-red scale on the quiz's map according to % correct below.
 
Answer Stats
Commune % Correct
Basse-Terre
86%
Bouillante
86%
Le Moule
86%
Morne-à-l'Eau
86%
Pointe-à-Pitre
86%
Sainte-Anne
86%
Saint-François
86%
Anse-Bertrand
71%
Capesterre-Belle-Eau
71%
Deshaies
71%
Goyave
71%
Grand-Bourg
71%
La Désirade
71%
Le Gosier
71%
Les Abymes
71%
Petit-Canal
71%
Pointe-Noire
71%
Port-Louis
71%
Saint-Claude
71%
Sainte-Rose
71%
Saint-Louis
71%
Vieux-Fort
71%
Vieux-Habitants
71%
Baie-Mahault
57%
Baillif
57%
Capesterre-de-Marie-Galante
57%
Gourbeyre
57%
Lamentin
57%
Petit-Bourg
57%
Terre-de-Bas
57%
Terre-de-Haut
57%
Trois-Rivières
57%
No matching quizzes found
Score Distribution
Percent of People with Each Score
Percentile by Number Answered
Your Score History
You have not taken this quiz